Najwięksi producenci diamentów, złota i srebra - Statystyki

Ogólne statystyki
  • Ten quiz został rozwiązany 158 razy
    152 od ostatniego zresetowania
  • Średni wynik to 20 z 30
Statystyki odpowiedzi
Miliony karatów Państwo % Poprawnych
209 Stany Zjdnoczone
97%
455 Chiny
94%
3574 Chiny
94%
43,2 Rosja
91%
250 Rosja
91%
1400 Rosja
91%
9,9 Południowa Afryka
90%
140 Południowa Afryka
90%
23,2 Kanada
88%
170 Kanada
88%
125 Meksyk
81%
7243 Meksyk
81%
14,0 Australia
72%
270 Australia
72%
1254 Australia
72%
1101 Argentyna
67%
1370 Chile
66%
150 Peru
57%
4163 Peru
57%
969 Kazachstan
54%
1471 Polska
52%
27,4 Botswana
51%
100 Indonezja
46%
2,1 Namibia
46%
8,4 Angola
43%
1191 Boliwia
40%
15,1 Demokratyczna Republika Konga
38%
3,3 Zimbabwe
34%
100 Uzbekistan
25%
1,3 Lesotho
14%
Nie znaleziono quizów pasujących do podanych kryteriów
Rozkład punktacji
Procent ludzi z każdym wynikiem
Percentyl według liczby udzielonych odpowiedzi
Twoja historia wyników
Nie rozwiązałeś tego quizu od ostatniego zresetowania